00474nam a2200109Ia 4500008004100000050002800041100002700069245012700096260008600223300002800309521002700337140724s9999 xx 000 0 und d aQA 76.9.S88b.T237 2011 aTaylo, Mario Enrico D. aScience laboratory computerized inventory system of Southville International School and Colleges /cMario Enrico D. Taylo. aLas Piñas, Philippines :bSouthville International School and Colleges,cc2011. a34 p. :bill. ;c28 cm. aInformation Technology